000 00307nam a22001337a 4500
008 170411b xxu||||| |||| 00| 0 eng d
020 _a9780721693477
041 _aeng
080 _28 ED
_a618
100 _a10
101 _aSHM
245 _aAVERY DEISEASE OF THE NEWBORN
_cTAEUSCH,H.W
942 _2udc
_cBK
999 _c10308
_d10308